000 01003nabaa22001937a 4500
999 _c6172
_d6172
003 OSt
005 20260123231829.0
008 190701b xxu||||| |||| 00| 0 spa d
040 _cPJ
100 _96913
_aPlaza, Martín Ignacio
245 1 3 _aLa región, una herramienta constitucional de desarrollo :
_bel caso de la región del litio /
_cMartín Ignacio Plaza.
300 _ap. 3-22
500 _aCita: TR LALEY AR/DOC/1111/2024
505 _aSumario: I. Introducción.— II. La región, su naturaleza constitucional.— III. Antecedentes históricos de la idea de región en el noroeste argentino.— IV. La región de litio, sus particularidades.— V. Propuesta de organización.— VI. Conclusiones.
505 _t¿Te interesa el texto completo? Comunicate al correo: koha@justierradelfuego.gov.ar
650 0 _9211
_aDERECHO ADMINISTRATIVO
773 0 _02842
_93251
_dBuenos Aires : AbeledoPerrot, 2012-
_oDA121
_tDerecho administrativo. Nº 153 mayo/junio 2024
_z18510590
942 _2udc
_cANA